000 00491nam a2200181Ia 4500
005 20250326123502.0
008 250326s9999 xx 000 0 und d
037 _aTextbook
040 _aFMSL
_beng
_cFMSL
041 _aeng
_2eng
084 _aX:9y7 P6;3
_qFMSL
100 _aICFAI
245 0 _aCase studies in human resource management
_cICFAI
260 _aHyderabad
_bHyderabad, ICFAI
_c2006
300 _a319p
942 _cTB
_hX:9y7 P6;3
999 _c1269562
_d1269562